Normal view
MARC view
- GRAPHICAL USER INTERFACE GUI HTML-INTRODUCTION HTML VISUAL BASIC CONCEPTS CONTROL STRUCTURES PROGRAMMING FUNDAMENTALS
Entry Topical Term
001 - CONTROL NUMBER
- control field: 80238
003 - CONTROL NUMBER IDENTIFIER
- control field: NUST
005 - DATE AND TIME OF LATEST TRANSACTION
- control field: 20210628210625.0
008 - FIXED-LENGTH DATA ELEMENTS
- fixed length control field: 210628|| aca||aabn | a|a d
040 ## - CATALOGING SOURCE
- Original cataloging agency: NUST
- Transcribing agency: NUST
150 ## - HEADING--TOPICAL TERM
- Topical term or geographic name entry element: GRAPHICAL USER INTERFACE GUI HTML-INTRODUCTION HTML VISUAL BASIC CONCEPTS CONTROL STRUCTURES PROGRAMMING FUNDAMENTALS
670 ## - SOURCE DATA FOUND
- Source citation: Work cat.: (NUST): Diwan, Parag Suri, R.K Kaushik, Sanjay 80237, It encyclopaedia.com,vol-6 graphical user interface, 2001
